| 000 | 00372nam a2200157Ia 4500 | ||
|---|---|---|---|
| 008 | 210210b1994 xxu||||| |||| 00| 0 eng d | ||
| 020 | _a81 7167 068 7 | ||
| 082 | _a793.2 SINP | ||
| 100 | _aSINGH (Rohini). | ||
| 245 | _aParty games. | ||
| 260 |
_aCalcutta. _bRupa & Co., _c1994 |
||
| 300 | _a105 | ||
| 650 | _aParty Games | ||
| 690 | _aIndoor Games | ||
| 906 | _a048865 | ||
| 999 |
_c97981 _d97981 |
||